Music Quiz

Random Music Quiz
Score 0/13 Timer 10:00
0 Plays Today
% Correct
Shawn Peter Raul Mendes
99.1%
Canada
97.8%
Vine
97.8%
Tomatoes
97.6%
Aaliyah
97.6%
Muffins
97.4%
Hailey Baldwin
97.2%
Handwritten
96.8%
August 8, 1998
95.7%
The 100
95%
Portuguese
89.7%
British
86%
82.2%
Come Together.
Have Fun.
All Virtual.
We all need to come together. Play Sporcle's virtual live trivia to have fun, connect with people, and get your trivia on. Join a live hosted trivia game for your favorite pub trivia experience done virtually. If a virtual private party is more your thing, go here for details.

You're not logged in!

Compare scores with friends on all Sporcle quizzes.
OR
Log In

Sporcle TV

Today on Sporcle TV


Watch our educational content, quiz creation guides, and fun videos on Sporcle TV.

Show Comments

Extras

Created Apr 10, 2018ReportNominate
Tags:Shawn Mendes

Top Quizzes Today


Score Distribution

Paid Content

Your Account Isn't Verified!

In order to create a playlist on Sporcle, you need to verify the email address you used during registration. Go to your Sporcle Settings to finish the process.

Report this User

Report this user for behavior that violates our Community Guidelines.

Details: